Statistics for Spain - Turkey UEFA Euro 2016

Click here to take the quiz!

General Stats

  • This quiz has been taken 25 times
  • The average score is 16 of 30

Answer Stats

Answer % Correct
Burak Yılmaz
90%
Gérard Piqué
90%
Andrès Iniesta
90%
Arda Turan
86%
Sergio Ramos
81%
Jordi Alba
81%
Sergio Busquets
76%
David De Gea
71%
David Silva
67%
Vicente Del Bosque
62%
Fatih Terim
62%
Volkan Babacan
57%
Alvaro Morata ²
57%
Cesc Fabregas
57%
Nuri Şahin
52%
Caner Erkin
52%
Hakan Çalhanoğlu
48%
Juanfran
48%
César Azpilicueta
48%
Selçuk İnan
43%
Oğuzhan Özyakup
43%
Mehmet Topal
43%
Nolito ¹
43%
Gökhan Gönül
38%
Koke
38%
Ozan Tufan
29%
Hakan Balta
29%
Bruno Soriano
14%
Olcay Şahan
10%
Yunus Mallı
10%

Score Distribution

Percentile by Number Answered

Percent of People with Each Score

Your Score History

You have not taken this quiz